NBA 60 wins teams starters - Statistics

General Stats
  • This quiz has been taken 187 times
    33 since last reset
  • The average score is 81 of 128
Answer Stats
Giannis Antetokounmpo % Correct
Shai Gilgeous-Alexander
100%
Stephen Curry
100%
Victor Wembanyama
100%
Ausar Thompson
96%
Dirk Nowitzki
96%
Jayson Tatum
96%
Klay Thompson
96%
Kobe Bryant
96%
LeBron James
96%
Shaquille O'Neal
96%
Tim Duncan
96%
A.C. Green
93%
Chet Holmgren
93%
Danny Green
93%
Derrick Rose
93%
Devin Booker
93%
Draymond Green
93%
Dwyane Wade
93%
Giannis Antetokounmpo
93%
Jalen Duren
93%
Jalen Williams
93%
Jarrett Allen
93%
Jaylen Brown
93%
Kevin Durant
93%
Mo Williams
93%
Ray Allen
93%
Amar'e Stoudemire
89%
Anthony Parker
89%
Ben Wallace
89%
Cade Cunningham
89%
Cason Wallace
89%
De'Aaron Fox
89%
Delonte West
89%
Donovan Mitchell
89%
James Harden
89%
Jrue Holiday
89%
Paul Pierce
89%
Russell Westbrook
89%
Stephon Castle
89%
Tony Parker
89%
Chris Bosh
86%
David Robinson
86%
Duncan Robinson
86%
Kevin Garnett
86%
Khris Middleton
86%
Luguentz Dort
86%
Manu Ginóbili
86%
Rajon Rondo
86%
Rasheed Wallace
86%
Steve Nash
86%
Brook Lopez
82%
Chris Paul
82%
Darius Garland
82%
Derrick White
82%
Evan Mobley
82%
Chris Webber
79%
Derek Fisher
79%
Kawhi Leonard
79%
Kristaps Porziņģis
79%
Pau Gasol
79%
Al Horford
75%
Chauncey Billups
75%
Isaiah Hartenstein
75%
Joakim Noah
75%
Reggie Miller
75%
Deandre Ayton
71%
Harrison Barnes
71%
Andrew Bogut
68%
Devin Vassell
68%
Jermaine O'Neal
68%
Clint Capela
64%
Joe Johnson
64%
Kendrick Perkins
64%
Richard Hamilton
64%
Shawn Marion
64%
Serge Ibaka
61%
Jeff Teague
57%
Ron Artest
57%
Tayshaun Prince
57%
Jason Terry
54%
Josh Howard
54%
Kyle Korver
54%
Andrew Bynum
50%
Mario Chalmers
50%
Max Strus
50%
Tobias Harris
50%
Zaza Pachulia
50%
Zydrunas Ilgauskas
50%
Bruce Bowen
46%
Devin Harris
46%
LaMarcus Aldridge
46%
Paul Millsap
46%
Stephen Jackson
46%
Vlade Divac
46%
Luol Deng
43%
Mikal Bridges
43%
Mike Bibby
43%
Jae Crowder
39%
Ron Harper
39%
Eric Bledsoe
36%
Julian Champagnie
36%
Peja Stojaković
36%
Carlos Boozer
32%
Ryan Anderson
32%
Trevor Ariza
32%
Udonis Haslem
32%
Tiago Splitter
29%
Boris Diaw
25%
Doug Christie
25%
Michael Finley
25%
Quentin Richardson
18%
DeMarre Carroll
14%
Erick Dampier
14%
Malcolm Brogdon
14%
Thabo Sefolosha
14%
Jamaal Tinsley
11%
Raef LaFrentz
11%
Raja Bell
11%
Glen Rice
7%
Luke Walton
7%
Richard Jefferson
7%
Adrian Griffin
4%
DeJuan Blair
4%
DeSagana Diop
4%
J.J. Hickson
4%
Keith Bogans
4%
Jeff Foster
0%
Rasho Nesterović
0%
No matching quizzes found
Score Distribution
Percent of People with Each Score
Percentile by Number Answered
Your Score History
You have not taken this quiz since the last reset